| 000 | 00948nam0a22003011 4500 | ||
|---|---|---|---|
| 001 | RU\NLR\A1SV\139825 | ||
| 005 | 20260323111801.0 | ||
| 035 | _a(NLR Aleph) 010767990 | ||
| 090 |
_a10008962 _c10008962 |
||
| 100 | _a20150520d1924 u y0rusy50 ca | ||
| 101 | 1 |
_arus _cfre |
|
| 102 | _aRU | ||
| 200 | 1 |
_aГород _fЖорж Экоут _gПер. с [фр.] М.Веселовской |
|
| 210 |
_aМ. _cГос. изд-во _d[1924] |
||
| 215 |
_a142 с. _d21 см |
||
| 225 | _aСоврем. иностр. б-ка | ||
| 300 | _aДата на корешке | ||
| 620 | _dМосква | ||
| 700 | 1 |
_7ca _8rus _aЭкоут _bЖ. _f1854-1927 _gЖорж _92706234 _3RU\NLR\AUTH\770292679 |
|
| 702 | 1 |
_aВеселовская _bМ.В. _f1877-1937 _gМария Васильевна |
|
| 801 | 0 |
_aRU _bNLR _c20150520 |
|
| 852 |
_aNLR _j17/294 |
||
| 852 |
_aNLR _jЛ60 В-3/821 |
||
| 899 | _aРГБ | ||
| 942 | _cBOOK | ||
| 980 | _aA1SV | ||
| 980 | _aNB | ||